00845nam a2200229 a 450000100060000000300080000600500170001400800410003103500190007204000310009104100080012208200240013024500930015426000620024730000210030950400270033065000390035770000530039694200120044999900170046195201370047873366BD-RjUL20211209082403.0170530s1962 miu bd 001 0 eng d a(BD-RjUL)73584 aDLC/ICUcICUdBD-RjULbeng aeng 0a630.3223bWID 196202aA Dictionary of agricultural and allied terminology.cJohn N. Winburne, editor-in-chief. a[East Lansing] :bMichigan State University Press,c1962. a905 p. ;c25 cm. aBibliography and index 0aAgriculturexDictionaries.92170051 aWinburne, John N.q(John Newton),d1911-9217006 2ddccBK c73366d73366 00102ddc40718NFICaRUCLbRUCLcReadingd1966-07-05eAsia Foundationl0o630.3 WID 1962r2017-05-30 00:00:00tC-1w2017-05-30yBK